000
00232 a2200097 4500
001
33805
100
_a
Dani, Ahmed Hasan
245
_a
Founding fathers of Pakistan
260
_a
Lahore
_b
Sange Meel Pub
_c
1998
090
_c
22457
_d
22457
942
_a
NUST-CAE
_c
M
_c
13844
999
_c
268878
_d
268878